European Battle Royale: Day 10 - Statistics

General Stats
  • This quiz has been taken 338 times
  • The average score is 4 of 6
Answer Stats
Question Answer % Correct
Switzerland Yes, I want to save this country from elimination.
86%
Sweden Yes, I want to save this country from elimination.
84%
United Kingdom Yes, I want to save this country from elimination.
71%
Ukraine Yes, I want to save this country from elimination.
70%
Vatican City Yes, I want to save this country from elimination.
64%
Turkey Yes, I want to save this country from elimination.
46%
No matching quizzes found
Score Distribution
Percent of People with Each Score
Percentile by Number Answered
Your Score History
You have not taken this quiz